[ Slovnaft ]

Z obsahu: Dominantný hráč zatriasol trhom. Ceny Slovnaftu sa blížia k slovenským rekordom. Obchodovať so slovenskou rafinériou nie je jednoduché. Odberatelia sa sťažujú na málo transparentnú cenovú politiku Slovnaftu. Cenu ropy určujú momentálne obchodníci. Slovnaft má dosah iba na národný trh. Vply...

Ausführliche Beschreibung

Gespeichert in:
Bibliographische Detailangaben
1. Verfasser: Beer, Gabriel
Weitere Verfasser: Janoška, Juraj, Debnár, Milan
Format: Buchkapitel
Sprache:Slowakisch
Schlagworte:
Tags: Tag hinzufügen
Keine Tags, Fügen Sie das erste Tag hinzu!

MARC

LEADER 00000naa$a2200000$$$4500
001 0027668
005 20231009081340.0
041 0 |a slo 
044 |a SK 
245 1 0 |a [ Slovnaft ]  |c Gabriel Beer, Juraj Janoška, Milan Debnár 
520 |a Z obsahu: Dominantný hráč zatriasol trhom. Ceny Slovnaftu sa blížia k slovenským rekordom. Obchodovať so slovenskou rafinériou nie je jednoduché. Odberatelia sa sťažujú na málo transparentnú cenovú politiku Slovnaftu. Cenu ropy určujú momentálne obchodníci. Slovnaft má dosah iba na národný trh. Vplyv ministerstva sa skončil. 
610 2 0 |a benzín 
610 2 0 |a politika cenová 
610 2 0 |a ceny 
610 2 0 |a zvyšovanie cien 
610 2 0 |a trh vnútorný 
610 2 0 |a rafinérie 
610 2 0 |a ropa 
610 2 0 |a Slovnaft 
100 1 |a Beer, Gabriel 
700 1 |a Janoška, Juraj 
700 1 |a Debnár, Milan